Sports Quiz

Random Sports or WWE Quiz

WWE Theme Songs Quiz Stats

 Plays Quiz not verified by Sporcle

Challenge
Share
Tweet
Embed
Score 0/15 Timer 07:00
0 Plays Today
% Correct
John Cena
94.5%
Booker T
93.8%
Randy Orton
93.7%
Shawn Michaels
93.1%
The Miz
85.3%
Zack Ryder
84.9%
Edge
82.6%
DX
78.5%
% Correct
Mark Henry
66.4%
King Sheamus
52.6%
New Nexus
50.4%
Raw
50.1%
John Morrison
44.7%
Jack Swagger
28.7%
The Corre
14.5%

You're not logged in!

Compare scores with friends on all Sporcle quizzes.
OR
Log In

You Might Also Like...

Show Comments

Extras

Created Feb 2, 2011ReportNominate
Tags:WWE Quiz, wrestling

Top Quizzes Today


Score Distribution

Your Account Isn't Verified!

In order to create a playlist on Sporcle, you need to verify the email address you used during registration. Go to your Sporcle Settings to finish the process.

Report this User

Report this user for behavior that violates our Community Guidelines.

Details: